000 00705 a2200205 4500
999 _c6690
_d6690
020 _a0949981567
050 _aPL8745 JUN 1987
100 _a Junod, Henri Philippe
_eauthor
245 _aMatimu ya Vatsonga ni ya van'wana vaaki va matiko ya Afrika wa Vuxa-Dzonga, 1498-1650 /
_cHenri Philippe Junod
264 _aBraamfontein:
_bSsavona;
_c1987
300 _a111 pages
500 _aIncludes bibliographical references
650 _aTsonga (African people)
650 _aSouthern Africa
650 _aTsonga literature
650 _a Africa, Southern
_xHistory.
650 _aTsonga (African people)
_xHistory.
650 _a1892 languages of sub-Saharan Africa.
942 _2lcc
_cBK
_h8745
_iJUN
_kPL